000 00261nam a2200109Ia 4500
008 230907s9999||||xx |||||||||||||| ||und||
082 _a620.106
_bCEN
100 _aÇengel, Yunus A.
245 0 _aFluid mechanics :
300 _axxii, 1000 pages :
942 _cBK
999 _c600972
_d600972